Le tennis de A à Z (facile) - Statistiques

Statistiques générales
  • Ce quiz a été pris 551 fois
  • Le résultat moyen est 22 sur 25
Statistiques - réponses
Indice Lettre Réponse % Correct
Service gagnant A Ace
99%
Pays de nombreux joueurs de tennis, notamment Carlos Alcaraz E Espagne
98%
Joueur serbe ayant gagné 23 tournois du Grand Chelem D Novak Djokovic
98%
Joueur suisse ayant été numéro 1 mondial pendant 310 semaines F Roger Federer
97%
Mois durant lequel se déroule la finale de Roland-Garros J Juin
96%
Joueur espagnol aux 14 Roland Garros N Rafael Nadal
96%
Objet que tient un joueur pour taper dans la balle R Raquette
96%
Nom d'un terrain de tennis C Court
95%
Joueuses et sœurs américaines ayant chacune été numéro 1 mondiales, Serena et Venus de leurs prénoms W Williams
95%
Prénom du dernier vainqueur français de Roland Garros, en 1983. Il est maintenant chanteur Y Yannick
95%
Hors tournoi du grand chelem, il faut en remporter deux pour gagner la partie S Set
93%
Surface des terrains à Roland Garros T Terre Battue
93%
Coup qui consiste à taper la balle haut et loin dans le terrain adversaire, parfois passant au dessus de ce dernier L Lob
92%
Nom du tournoi du Grand Chelem se déroulant en australie en janvier O Open d'Australie
90%
Nom du tournoi du Grand Chelem qui se déroule aux Etats Unis en septembre U US Open
88%
Joueur allemand encore actif bléssé à la cheville lors du Roland Garros 2022 Z Alexander Zverev
84%
Joueur français, ancien numéro 6 mondial. Il s'est récemment marié à la tenniswoman Svitolina, ayant également un enfant avec elle. M Gaël Monfils
84%
Coup frappé au filet avant le rebond V Volée
81%
Joueur suédois des années 70-80 qui a remi le tennis sur le devant de la scène B Bjorn Borg
76%
Nombre de points de chaque joueurs lors d'une égalité Q Quarante
75%
Balle rapide en diagonale ou près d'un couloir, destinée à dépasser un joueur monté au filet P Passing Shot
74%
Joueur américain de 2m08, vainqueur du match le plus long de l'histoire I John Isner
69%
Joueur australien colérique et polémique K Nick Kyrgios
67%
Joueuse belge des années 2000, ancienne numéro 1 mondiale, réputée pour son revers à une main H Justine Henin
63%
Numéro 1 allemande des années 80-90 G Steffi Graf
57%
Aucun quiz correspondant
Distribution des résultats
% des personnes avec chaque résultat
Percentile par nombre de réponses
Votre historique - résultats
Vous n’avez pas pris ce quiz